| 000 | 00452nam a22001937a 4500 | ||
|---|---|---|---|
| 003 | MPLRDC | ||
| 005 | 20220104143811.0 | ||
| 008 | 210129b ||||| |||| 00| 0 eng d | ||
| 020 | _a957-557-039-1 | ||
| 082 | _a429.1 ZTF | ||
| 100 | _a增田丰 | ||
| 245 |
_a下半身缎练法 _c |
||
| 250 | _a初版二刷 | ||
| 260 |
_a _b大展 _c1995 |
||
| 300 | _b平 | ||
| 490 | _a家庭生活系列. 61 | ||
| 650 | _a性知识 | ||
| 942 |
_cBK _o429.1 ZTF |
||
| 999 |
_c43465 _d43455 |
||